Restless Warrior : Raffles' tragic love affair with the Indies

Salvato in:
Dettagli Bibliografici
Autore principale: Mann, Richard
Natura: Libro
Lingua:Undetermined
Pubblicazione: Canada Gateway Books 1996
Soggetti:
Tags: Aggiungi Tag
Nessun Tag, puoi essere il primo ad aggiungerne! !
Thư viện lưu trữ: Trung tâm Học liệu Trường Đại học Cần Thơ
LEADER 00537nam a2200205Ia 4500
001 CTU_109954
008 210402s9999 xx 000 0 und d
082 |a 840.3 
082 |b M281 
100 |a Mann, Richard 
245 0 |a Restless Warrior : 
245 0 |b Raffles' tragic love affair with the Indies 
245 0 |c Richard Mann 
260 |a Canada 
260 |b Gateway Books 
260 |c 1996 
650 |a French literature 
650 |x Fiction 
904 |i M.Loan 
980 |a Trung tâm Học liệu Trường Đại học Cần Thơ